[Event "St Louis Spring Classic A"]
[Site "Saint Louis USA"]
[Date "2017.05.24"]
[Round "9.2"]
[White "Swiercz, Dariusz"]
[Black "Mareco, Sandro"]
[Result "1/2-1/2"]
[WhiteTitle "GM"]
[BlackTitle "GM"]
[WhiteElo "2649"]
[BlackElo "2648"]
[WhiteFideId "1126881"]
[BlackFideId "112275"]
[EventDate "2017.05.16"]

1. e4 c5 2. Nf3 d6 3. d4 cxd4 4. Nxd4 Nf6 5. Nc3 a6 6. Be3 e5 7. Nf3 Qc7 8. Be2
Be7 9. a4 O-O 10. O-O Be6 11. a5 Nbd7 12. Ng5 Bc4 13. Re1 Rfc8 14. Ra4 Bxe2 15.
Qxe2 Qc6 16. Rd1 Bd8 17. Nf3 b5 18. axb6 Bxb6 19. Rda1 a5 20. Nd2 Nc5 21. Rc4
Qb7 22. b3 h6 23. h3 Ne6 24. Rxc8+ Qxc8 25. Nc4 Bd4 26. Bxd4 Nxd4 27. Qd3 Qc5
28. Ne2 Nc6 29. Nc3 Nd4 30. Ne2 Nc6 31. Nc3 Nd4 1/2-1/2

[Event "St Louis Spring Classic A"]
[Site "Saint Louis USA"]
[Date "2017.05.24"]
[Round "9.3"]
[White "Bruzon Batista, Lazaro"]
[Black "Zherebukh, Yaroslav"]
[Result "1/2-1/2"]
[WhiteTitle "GM"]
[BlackTitle "GM"]
[WhiteElo "2652"]
[BlackElo "2632"]
[WhiteFideId "3503739"]
[BlackFideId "14116804"]
[EventDate "2017.05.16"]

1. c4 Nf6 2. g3 c6 3. Nf3 g6 4. b3 Bg7 5. Bb2 O-O 6. Bg2 d5 7. O-O Bg4 8. d3
Nbd7 9. Nbd2 Re8 10. h3 Bxf3 11. Nxf3 e5 12. cxd5 cxd5 13. e3 a5 14. a3 Qb6 15.
Rb1 Rad8 16. Re1 e4 17. dxe4 dxe4 18. Bd4 Qe6 19. Nd2 Bf8 20. b4 axb4 21. axb4
h5 22. Qe2 Qf5 23. Nc4 b5 24. Nd2 Bd6 25. Red1 Ne5 26. Bf1 Bb8 27. Bg2 Bd6 28.
Bf1 Bb8 29. Bg2 Bd6 30. Bf1 Bb8 1/2-1/2

[Event "St Louis Spring Classic A"]
[Site "Saint Louis USA"]
[Date "2017.05.24"]
[Round "9.5"]
[White "Baryshpolets, Andrey"]
[Black "Kacheishvili, Giorgi"]
[Result "1/2-1/2"]
[WhiteTitle "GM"]
[BlackTitle "GM"]
[WhiteElo "2591"]
[BlackElo "2590"]
[WhiteFideId "14117207"]
[BlackFideId "13600613"]
[EventDate "2017.05.16"]

1. d4 Nf6 2. c4 c5 3. d5 e6 4. Nc3 exd5 5. cxd5 d6 6. Nf3 g6 7. g3 Bg7 8. Bg2
O-O 9. O-O Re8 10. Nd2 a6 11. a4 Nbd7 12. h3 Rb8 13. Nc4 Ne5 14. Na3 Nh5 15. e4
Bd7 16. a5 b5 17. axb6 Bb5 18. Ncxb5 axb5 19. Nxb5 Qxb6 20. Na3 c4 21. Be3 Qxb2
22. g4 Nf6 23. f4 Nd3 24. Nxc4 Qc3 25. Ra3 Qxc4 26. Qxd3 Qxd3 27. Rxd3 Nxe4 28.
Bxe4 Rxe4 29. Kf2 Ra4 30. Kf3 Kf8 31. Rc1 Ke7 32. Rc7+ Kf8 33. Rc6 Ke7 34. Rc7+
Kf8 35. Rc6 Ke7 36. Bb6 Rb7 37. Bc7 Kd7 38. Bxd6 Rb5 39. Bc5 Rc4 40. Rd6+ Kc7
41. Rc6+ Kd7 42. Bf8 Rxd5 43. Rxc4 Rxd3+ 44. Ke4 Rc3 45. Rxc3 Bxc3 1/2-1/2